000 00516nam a2200217Ia 4500
003 OSt
005 20220924153700.0
006 a|||||r|||| 00| 0
007 ta
008 220923b |||||||| |||| 00| 0 per d
024 _a351254
037 _cTextual
040 _aARTS
_cARTS
_bper
041 _2per
_aper
082 _aO164, P3
100 _aIqbal F Au.
_9229504
245 0 _aGulshan-e-raaz
260 _c2003
942 _hO164, P3
_cTEXL
_2CC
999 _c474481
_d474481